000 00338nam a22001337a 4500
008 181224b xxu||||| |||| 00| 0 eng d
020 _a0721634567
041 _aeng
080 _25th
_a038
100 _a23
101 _aFJA
245 _aEncyclopedia & Dictionary of Medicine, Nursing, & Allied Health
_cSaunders,W.B
942 _2udc
_cBK
999 _c53752
_d53752